| 000 | 00354nam a22001217a 4500 | ||
|---|---|---|---|
| 082 | _a200 THE | ||
| 100 |
_aASAD SHAFIQ _915368 |
||
| 245 | _aTH-SOF-0938-STRESS MANAGEMENT IN R&D ORGANIZATIONS OF PAKISTAN | ||
| 260 |
_aNUST COLLEGE OF EME _bISLAMABAD _c2001 |
||
| 650 |
_a MS-EM-7 MSTHESIS _969831 |
||
| 700 |
_aDR AKHTAR NAWAZ MALIK _916099 |
||
| 942 | _cCF | ||
| 999 |
_c578587 _d578587 |
||